The ring in the rubble : Dig through change and find your next golden opportunity
Gary Bradt is a prominent authority on leadership and change and a close colleague of Spencer Johnson, author of Who Moved My Cheese?. In The Ring in the Rubble, Bradt presents the intriguing metaphor of a golden ring buried beneath the rubble of sudden change and offers 10 guideposts for navigating...
Shranjeno v:
| Glavni avtor: | |
|---|---|
| Format: | Knjiga |
| Jezik: | Undetermined |
| Izdano: |
New York
McGraw-Hill
2007
|
| Teme: | |
| Oznake: |
Označite
Brez oznak, prvi označite!
|
| Thư viện lưu trữ: | Trung tâm Học liệu Trường Đại học Cần Thơ |
|---|
| LEADER | 01182nam a2200205Ia 4500 | ||
|---|---|---|---|
| 001 | CTU_186997 | ||
| 008 | 210402s9999 xx 000 0 und d | ||
| 082 | |a 650.1 | ||
| 082 | |b B798 | ||
| 100 | |a Bradt, Gary | ||
| 245 | 4 | |a The ring in the rubble : | |
| 245 | 0 | |b Dig through change and find your next golden opportunity | |
| 245 | 0 | |c Gary Bradt | |
| 260 | |a New York | ||
| 260 | |b McGraw-Hill | ||
| 260 | |c 2007 | ||
| 520 | |a Gary Bradt is a prominent authority on leadership and change and a close colleague of Spencer Johnson, author of Who Moved My Cheese?. In The Ring in the Rubble, Bradt presents the intriguing metaphor of a golden ring buried beneath the rubble of sudden change and offers 10 guideposts for navigating uncertainty, recognizing this ring of opportunity, and seizing hold of it at the right time. He also asks revealing questions that help readers “dig a little deeper”-understanding the nature of this opportunity, using it to their best advantage and finding lasting success in an ever-changing world. | ||
| 650 | |a Success in business,Thành công trong kinh doanh | ||
| 910 | |a Hải | ||
| 980 | |a Trung tâm Học liệu Trường Đại học Cần Thơ | ||